000 00702nam a2200289Ia 4500
005 20260324115801.0
008 008 260324s9999 xx 000 0 eng d
020 _a9780429161971
037 _aEBOOK
040 _aCRL
040 _beng
040 _cCRL
041 _2eng
041 _aeng
084 _qCRL
100 _aMarkus Hofmann; Andrew Chisholm
_91155994
245 0 _aText Mining and Visualization
245 0 _bCase Studies Using Open-Source Tools
260 _bTaylor and Francis
260 _c2016
365 _a
365 _b195
856 _uhttp://www.taylorfrancis.com/books/9780429161971
942 _cEBOOK
999 _c1747116
_d1747116